| 000 | 00297 a2200121 4500 | ||
|---|---|---|---|
| 999 |
_c321867 _d321867 |
||
| 001 | 86794 | ||
| 003 | NUST | ||
| 005 | 20180123153407.0 | ||
| 008 | 180123b xxu||||| |||| 00| 0 eng d | ||
| 082 | _a297.18 MAL | ||
| 100 |
_aAbdul Malik Mujahid _99631 |
||
| 245 |
_aSunehray Naqoosh _hUrdu |
||
| 260 |
_aIslamabad _bDar-ul-Salam Publishers _c2012 |
||
| 300 | _a384p. | ||
| 942 |
_aCAE NUST _cBK _k297.18 MAL _2ddc |
||